| 000 | 01004nam a2200301 i 4500 | ||
|---|---|---|---|
| 001 | 000026368 | ||
| 003 | DO-SdBNP | ||
| 005 | 20251120073733.0 | ||
| 007 | ta | ||
| 008 | 110315s1985 dr 000 0 spa d | ||
| 040 |
_aDO-SdBNP _bspa _cBNPHU _erda |
||
| 082 | 4 |
_a330.97293054 _bA367c _222 |
|
| 100 | 1 |
_aAlemán, José Luis, _eautor _97046 |
|
| 245 | 1 | 0 |
_aCrisis de la economía mundial / _cJosé Luis Alemán. |
| 264 |
_aSantiago, República Dominicana : _bUCMM, _c1985. |
||
| 300 |
_a233 páginas ; _c22 cm. |
||
| 336 |
_2rdacontent _atexto _btxt |
||
| 337 |
_2rdamedia _asin mediación _bn |
||
| 338 |
_2rdacarrier _avolumen _bnc |
||
| 490 | _aEstudios | ||
| 504 | _aBibliografía: p. 229-233 | ||
| 590 | _aInventariado, 2018/VM | ||
| 650 | 4 |
_aHistoria económica _y1971-1990 _92883 |
|
| 651 | 4 |
_aRepública Dominicana _xCondiciones económicas _y1961- _97344 |
|
| 710 | 2 |
_aPontificia Universidad Católica Madre y Maestra _9843 |
|
| 910 | _aValidado. Control de calidad MFF | ||
| 942 |
_2ddc _cLBS1 |
||
| 999 |
_c25860 _d25860 |
||